| 000 | 00409nam a2200145 i 4500 | ||
|---|---|---|---|
| 001 | 101319 | ||
| 003 | ES-MaACL | ||
| 005 | 20230906182854.0 | ||
| 007 | t| | ||
| 008 | 051017s1902 au ||||1| ger d | ||
| 100 | 1 |
_aMayer, F. Arnold. _979349 |
|
| 245 | 1 | 0 |
_aDeutsche Thalia _b: jahrbuch für das gesamte bühnenwesen / _cF. Arnold Mayer. |
| 260 |
_aWien : _b[s.n.], _c1902. |
||
| 852 |
_aES-MaACL _jT-1000-F-2 |
||
| 999 |
_c101319 _d101319 |
||